000 00677nam a22001817a 4500
003 BD-ChCU
005 20260114112701.0
008 260114b bg ||||| |||| 00| 0 eng d
040 _cBD-ChCU
082 _a330.122 S713c
100 _a George Soros
_919212
245 _aThe Crisis Of Global Capitalism: Open Society Endangered /
_c George Soros
250 _a1st ed.
260 _aNew Delhi:
_bViva Books,
_cc2004
300 _a245p.
650 0 _aGlobal Capitalism International Finance Financial Crises Economic Globalization Open Society Political Economy Economic Policy International Economic Relations Capitalism — Criticism
_919214
942 _2ddc
_cBK
_n0
999 _c111029
_d111029